000 00806 a2200205 4500
005 20080826113014.0
008 080826t xxu||||| |||| 00| 0 eng d
010 _aENG-87161
020 _c1080.00
_a8181770110
035 _aEN-70694
037 _bDBAD / PUB
082 _a589.1095463
100 _aSinha, G.P.
245 _aMacrolichens of Sikkim
_cby G.P. Sinha
260 _aKolkata
_bBotanical Survey of India
_c2005
270 _a5th & 6th Floor, F-wing, C.G.O. Complex, Salt Lake City,
_aKolkata
_e700 064
300 _a273p.
_c23cm (Hb )
_bcol. photos
942 _adpl
_cEN
_k589.1095463 / SIN
_2ddc
_h589.1095463
_mSIn
999 _c6168
_d6168